[Event "Manila (ol) "]
[Site "?"]
[Date "1992.??.??"]
[Round "?"]
[White "Van Wely, L."]
[Black "Kramnyik, V."]
[Result "0-1"]
[WhiteElo "2560"]
[BlackElo "2590"]
[PlyCount "90"]
[EventDate "1992.??.??"]

1. d4 d5 2. Nf3 c6 3. c4 Nf6 4. Nc3 e6 5. Bg5 dxc4 6. e4 b5 7. a4 Bb7 8. e5 h6
9. Bh4 (9. Bxf6 gxf6 10. axb5 cxb5 11. Nxb5 Bb4+ 12. Nc3 fxe5 13. Nxe5 Nc6 14.
Nxc6 Bxc6 15. Bxc4 Rg8 $1 16. Rg1 Qh4 {sötétnek veszélyes kezdeményezést ad a
gyalogért.}) 9... g5 10. exf6 gxh4 11. Ne5 Nd7 12. Qh5 (12. Nxf7 $2 Kxf7 13.
Qh5+ Kxf6) (12. Be2 Nxe5 $1 13. dxe5 Qc7 14. Qd4 b4 15. Ne4 c5 16. Qxc4 O-O-O
$17) (12. axb5 $5 cxb5 13. Nxb5 Bb4+ 14. Nc3 Nxe5 15. dxe5 Qb6 $13) 12... Qxf6
13. Nxd7 (13. axb5 Nxe5 14. dxe5 Qg5 15. Qf3 Qxe5+ 16. Be2 Qc7 $17) 13... Kxd7
14. axb5 cxb5 (14... Rg8 $5) (14... h3 $5) 15. Qxb5+ Bc6 16. Qxc4 Bd6 $15 {A
futópár remekül védi a királyt, a sötét haderõ teljesen kifejlõdött.} 17. Ra6
$2 (17. Nb5 $142 Qf4 18. Nxd6 Qxd6 $15) 17... Rhc8 18. Rxc6 $8 Rxc6 19. Qa4 Qg5
20. Bb5 (20. Bd3 Qc1+ 21. Nd1 Rb8 $1 22. Be4 (22. O-O Rb4 23. Qxa7+ Rc7 $17)
22... Rb4 23. Bxc6+ Qxc6 24. Qxa7+ Rb7 $17) 20... Qxg2 $1 (20... Qc1+ 21. Nd1
$15) 21. d5 (21. Rf1 a6 $1 22. d5 axb5 23. Qxa8 exd5 $19) 21... Qxh1+ 22. Ke2
Kd8 $1 $17 (22... Ke7 $2 23. Qxh4+ f6 24. Qg4 $1 (24. Qxh6 Rg8 $17) 24... Kf8
$1 25. Qg6 $1 $40) 23. Bxc6 Rb8 24. Nb5 (24. Qxa7 Rxb2+ 25. Kd3 Qf1+) (24. b3
Qxh2 25. Qxa7 Bc7 26. Ne4 exd5) 24... exd5 $1 (24... a6 $2 25. Qxh4+ Be7 26.
Qf4 $1 Rxb5 27. Bxb5 axb5 28. Qb8+ Kd7 29. Qxb5+ Kd6 30. Qb8+ $11) (24... Rxb5
$6 25. Qxb5 Qe4+ 26. Kf1 $15) 25. Qa5+ (25. Qxh4+ Be7 26. Qf4 Qe4+ $19) (25.
Qxa7 Qe4+ 26. Kf1 $8 Qd3+ 27. Kg1 Qd1+ 28. Kg2 h3+ 29. Kxh3 Qf3+ 30. Kh4 Be7+
$19) 25... Ke7 26. Qxa7+ Kf8 27. Qe3 (27. Qd4 Qxh2 $1) 27... Kg8 $1 $19 (27...
Qe4 {vezércsere megengedte volna, hogy hosszú küzdelem legyen.} 28. Qxe4 dxe4
29. Nxd6 Rxb2+ 30. Ke3 Rb6 31. Nxf7 Rxc6 32. Ne5) 28. h3 (28. Qxh6 Qe4+ 29. Kf1
Be7) 28... Bf8 29. Qf4 Qe4+ 30. Qxe4 dxe4 31. Ke3 Rb6 {A kölcsönös idõzavar
sem akadályozza meg sötétet a gyõzelem elérésében.} 32. Bd7 Rf6 33. b3 Bc5+ 34.
Kxe4 Rxf2 35. Kd5 Bb4 36. Nd4 Kg7 37. Kc4 Rf4 38. Kd5 Kf6 39. Bc8 Rf1 40. Bg4
Bc3 41. Nf3 Kg6 42. Nxh4+ Kg5 43. Nf3+ Kf4 44. Nh4 Rf2 45. Bc8 Kg5 0-1

[Event "Linares "]
[Site "?"]
[Date "1993.??.??"]
[Round "?"]
[White "Ivancsuk, V."]
[Black "Kramnyik, V."]
[Result "0-1"]
[WhiteElo "2710"]
[BlackElo "2685"]
[PlyCount "66"]
[EventDate "1993.??.??"]

1. e4 c5 2. Nf3 Nc6 3. d4 cxd4 4. Nxd4 Nf6 5. Nc3 d6 6. Bc4 Qb6 7. Nb3 e6 8.
Bf4 Ne5 9. Be2 a6 (9... Be7 $6 10. Be3 Qc7 11. Nb5 $1 Qb8 12. f4 Ng6 13. Nc3
$16) 10. Bg3 (10. O-O Be7 11. Be3 Qc7 $11) 10... h5 $1 11. h3 (11. f4 $2 Neg4)
(11. f3 Qc7 12. Qd4 h4 13. Bf2 b5 $13 14. a4 $140 $6 Nc6 $1 15. Qd2 b4 16. Nd1
d5 $36) 11... Qc7 12. f4 (12. a4 Bd7 13. Qd4 Rc8 $11) (12. Qd4 b5 13. a4 Nc6
14. Qe3 Nb4 15. Bd3 bxa4 16. Rxa4 Rb8 $11) 12... Nc4 $11 13. Bxc4 (13. e5 $2
dxe5 14. fxe5 Nxe5 15. Qd4 $140 $2 Nf3+ $19) (13. Qd4 b5 14. e5 (14. a4 e5 $1)
14... dxe5 15. fxe5 Bb7 16. O-O Rd8 17. Qf2 Ne4 18. Nxe4 Bxe4 $15) 13... Qxc4
14. Qf3 h4 $1 15. Bh2 (15. Bf2 b5 $1 16. e5 (16. O-O-O Qc7 $15) 16... Nd5 17.
Nxd5 Qxd5 18. Qxd5 exd5 19. O-O-O dxe5 20. fxe5 Bf5 $1 $15) 15... Bd7 16. O-O-O
Rc8 17. Rhe1 b5 $1 18. Qf2 $2 {Ivancsuk hibás lépésére Kramnyik átveszi a
kezdeményezést.} (18. a3) 18... Qc7 $1 $17 19. e5 (19. a3 a5) 19... b4 20. Rd3
$5 (20. exf6 bxc3 21. f5 cxb2+ 22. Kb1 e5 23. fxg7 Bxg7 $17) 20... dxe5 21.
fxe5 bxc3 22. Rxc3 (22. exf6 Qxh2 23. Rxd7 $5 Qg3 $1 24. Qxg3 hxg3 25. Ra7
cxb2+ 26. Kxb2 gxf6 27. Rxa6 f5 $17) 22... Qxc3 {Kramnyiknak úgy tûnt, hogy
veszélyeket rejteget} (22... Qb8 $142 23. Rxc8+ Bxc8 24. Rf1 $1 {változat,
elfelejtkezett a} Rh7 $1 {védõlépésrõl.} 25. Qf4 Be7 $5 26. exf6 Qxf4+ 27. Bxf4
gxf6 $17) 23. bxc3 Ba3+ 24. Kd2 $2 {Anand javasolta a} (24. Kb1 $1 Nd5 25. Bf4
$1 $15 {folytatást.}) 24... Nd5 25. Re4 Rxc3 26. Rg4 O-O $1 {A legjobb
pillanatban avatkozik be a küzdelmebe a másik sötét bástya.} 27. Qxh4 Rfc8 28.
Nd4 Bb4 29. Ke2 Bb5+ $1 $19 30. Nxb5 {Szépen nyert volna sötét a} (30. Kf2
Rxc2+ $1 31. Nxc2 Rxc2+ 32. Kf3 (32. Kg1 Rc1+ 33. Kf2 Be1+) 32... Be2+ $1 33.
Ke4 Rc4# {folytatásban.}) 30... Rxc2+ 31. Kf3 axb5 32. Rxb4 Nxb4 33. Qxb4 R8c3+
0-1

[Event "Linares "]
[Site "?"]
[Date "1994.??.??"]
[Round "?"]
[White "Kramnyik, V."]
[Black "Kaszparov, G."]
[Result "1-0"]
[WhiteElo "2710"]
[BlackElo "2805"]
[PlyCount "79"]
[EventDate "1994.??.??"]

1. Nf3 Nf6 2. c4 g6 3. Nc3 Bg7 4. e4 d6 5. d4 O-O 6. Be2 e5 7. d5 Nbd7 8. Bg5
h6 9. Bh4 g5 10. Bg3 Nh5 11. h4 g4 12. Nh2 Nxg3 13. fxg3 h5 14. O-O f5 15. exf5
(15. Rxf5 $5) 15... Nc5 16. b4 (16. Bd3) 16... e4 17. Rc1 (17. Qd2 $5) 17...
Nd3 18. Bxd3 exd3 19. f6 $1 (19. Qxd3 $2 Qf6 $17) 19... Rxf6 20. Qxd3 Qf8 $8
21. Nb5 $5 {Csak ez a minõségáldozat ad esélyt világosnak.} (21. Ne4 Rxf1+ 22.
Nxf1 (22. Rxf1 Bf5 $13) 22... Bf5 23. Ne3 Bxe4 (23... Bg6 24. Rf1 Qe7 25. Nf5
$16) 24. Qxe4 Re8 25. Qd3 Qe7 $11 (25... Bh6 $2 26. Re1 (26. Qg6+ $5) 26... Qf7
27. Kh2 $16)) 21... Bf5 22. Rxf5 Rxf5 23. Nxc7 Rc8 24. Ne6 $44 Qf6 25. Nf1 (25.
Rf1 Rf8 $3 (25... Rxf1+ 26. Nxf1 $16) 26. Nxf8 (26. Rf4 Bh6) 26... Qd4+ 27.
Qxd4 Bxd4+ 28. Kh1 Rxf8 (28... Rxf1+ 29. Nxf1 Kxf8 30. Nd2 $11) 29. Rd1 $11) (
25. c5 $5) 25... Re5 26. Rd1 $5 (26. Nd2 Qf5 27. Qxf5 Rxf5 28. Ne4 $140 $2 Rxd5
) (26. c5 Rxe6 $5 (26... Qf5 27. Qxf5 Rxf5 28. Rd1) 27. dxe6 Qd4+ 28. Qxd4
Bxd4+ 29. Kh2 dxc5) 26... Qf5 $1 (26... Bh6 27. c5 dxc5 28. bxc5 Re8 29. Nd2 $5
Re3 30. Qb5 Re7 31. Rf1 Qe5 (31... Qg6) 32. Qb1 $1 $16) 27. Qxf5 Rxf5 28. c5
Bf8 (28... dxc5 $2 29. d6) (28... Be5 29. Ne3 Rf7 30. Kh2 $16) 29. Ne3 Rf6 30.
Nc4 $5 dxc5 31. b5 (31. Ne5 cxb4 32. Nd7 Rf5 (32... Rxe6 33. dxe6 $13) 33.
Nexf8 Rcxf8 34. Nxf8 Kxf8) 31... Bh6 $2 {Kaszparov nem érezte a veszélyt.
Vissza kellett volna áldozni a minõséget.} (31... Re8 32. Re1 (32. a4 $2 Rexe6
33. dxe6 Rxe6) (32. Nf4 Bd6 $5 (32... Re4 33. d6 Rfxf4 $1 (33... Rxc4 34. d7
Be7 35. Nd5 Bd8 36. Nxf6+ Bxf6 37. d8=Q+ Bxd8 38. Rxd8+ Kf7 39. Rd7+ Ke6 40.
Rxb7 Ra4 41. Rh7) 34. gxf4 Rxc4 35. d7 Be7 36. d8=Q+ Bxd8 37. Rxd8+ Kf7 38. Kh2
$1 (38. Rd7+ Ke6 39. Rxb7 g3 $17) 38... Rxf4 39. Rd7+ Ke6 40. Rxb7 Ra4 41. Rh7
Rxa2 42. Rxh5 $11) 33. Nxh5 Rh6 34. Nf4 (34. Rf1 $5 Rxh5 35. Nxd6 Ree5 36. Rf4
Rxd5 37. Rxg4+ Kf8 38. Nxb7 $13) 34... Re4) 32... Rf5 33. Rd1 (33. d6 Rd5)
33... b6 $5 (33... Rf6 $11)) 32. Re1 $16 Re8 33. Re5 (33. Kh2 $5 Bf8 (33... Re7
34. d6 $1) 34. Re5 Rh6 35. Rg5+) 33... Re7 34. Rxh5 Ref7 35. Kh2 Bc1 36. Re5 (
36. Ne5 Rf5 $1) 36... Rf1 37. Re4 Rd1 38. Rxg4+ Kh7 $2 {Elnézés, amelyre sötét
gyorsan veszít. Az egyetlen} (38... Kh8 {esetén is világos eséylei lettek
volna jobbak.} 39. Re4 Rxd5 (39... Rff1 40. Kh3) 40. Ne5 $1 Rf6 41. Nf3 $16)
39. Ne5 Re7 (39... Rff1 40. Rg7+ $18) 40. Nf8+ (40. Nf8+ Kh6 41. Rg6+ Kh5 42.
g4+ Kxh4 43. g3#) 1-0

[Event "Sanghi Nagar (m/3) "]
[Site "?"]
[Date "1994.??.??"]
[Round "?"]
[White "Kramnyik, V."]
[Black "Gelfand, B."]
[Result "1-0"]
[WhiteElo "2725"]
[BlackElo "2680"]
[PlyCount "69"]
[EventDate "1994.??.??"]

1. e4 c5 2. Nf3 d6 3. Bb5+ Bd7 4. Bxd7+ Qxd7 5. c4 Nf6 6. Nc3 Nc6 7. O-O g6 8.
d4 cxd4 9. Nxd4 Bg7 10. Nde2 O-O 11. f3 a6 12. a4 Rfc8 13. b3 Qd8 (13... e6 14.
Bg5 (14. Ra2 $5) 14... h6 15. Bh4 g5 (15... d5 $2 16. cxd5 exd5 17. Bxf6 Bxf6
18. Nxd5) 16. Bg3 $140 d5 $2 17. cxd5 exd5 18. Nxd5 Nxd5 19. Qxd5 Qxd5 20. exd5
Nb4 21. Rad1 $16) 14. Kh1 (14. Be3) 14... Nd7 (14... Qa5 15. Bd2 Qc5 16. Nd5 $1
) 15. Bg5 Qa5 (15... Rab8 16. Rb1 Qf8 17. Qd2 $14) 16. Qd2 Nc5 17. Rab1 e6 (
17... Ne6 18. Be3 $14) 18. Rfd1 (18. Qxd6 $2 Nxb3 19. Rxb3 Qxg5 20. Rxb7 Na5)
18... Rab8 (18... Bf8 $14) 19. Bh4 $1 Qb6 (19... Rc7 20. Be1 $1 {#C5 b4}) (
19... Qb4 20. Qc2 (20. Qxd6 Be5 $13) 20... Qa5 21. Qc1 $14) (19... Bf8 20. f4
$14) 20. Qxd6 $5 Be5 {Sötét minõségáldozattal jó ellenesélyeket kaphatott volna
} (20... Rd8 $5 21. Qg3 $5 (21. Bxd8 Rxd8 22. a5 (22. Qg3 Nd3 23. Nd5 (23. Rf1
Qb4 $140 $132 24. Nd1 Qd2) 23... Rxd5 (23... Nf2+ 24. Kg1 Nh3+ 25. Kf1) 24.
cxd5 Nf2+ 25. Qxf2 Qxf2 26. dxc6 bxc6 $13) 22... Qxa5 23. b4 Rxd6 24. bxa5
Rxd1+ 25. Nxd1 Nxa5 $14)) 21. Qd2 Nxb3 22. Qb2 $1 (22. Qa2 Nca5 23. Rd3 Rxc4
24. Nd1 Qc6 $132) 22... Nca5 23. Nd5 $1 exd5 (23... Bxb2 $2 24. Nxb6 Rc6 25.
Nd7) 24. Qxe5 Nxc4 (24... dxc4 $2 25. Nf4 $40) (24... dxe4 25. Nf4 $5 Nxc4 26.
Nd5 $1) 25. Qxd5 (25. Qf4 $5 $44) 25... Qe3 $2 (25... Ne3 $1 26. Qd3 (26. Qd6
Qxd6 27. Rxd6 Nc5 28. Nc3 $5 $14) 26... Nxd1 27. Qxd1 Qc6 $1 28. Qxb3 Qc2 29.
Nd4 $5 $14) 26. Re1 $1 $16 Nbd2 (26... Ncd2 $5 27. Bg5 Qc5 28. Rbd1 (28. Rb2
Qf2 $140 $1 29. Bxd2 Rd8 30. Qxb3 Rxd2) 28... Nc4 29. Bf4 (29. Nf4 $5) 29...
Qxd5 (29... Ra8 30. Qxb7) 30. exd5 Ra8 31. d6 $16) 27. Rxb7 (27. Bg5 Qc5 (27...
Rc5 $2 28. Rxb7 $3) 28. Rbd1 Nb3 $8 29. Bf4 (29. Nf4) 29... Qxd5 (29... Ra8 30.
Qxb7) 30. exd5 Ra8 31. d6 Nc5 32. Nc3 $16) 27... Rxb7 28. Qxb7 Re8 (28... Rf8
$16) 29. Qd7 $1 Rb8 (29... Rf8) 30. Bg3 $1 $18 Nxf3 (30... Rb1 31. Rxb1 Qxe2 (
31... Nxb1 32. Qc8+) 32. Re1) (30... Rb2 31. Nd4 $5 Qc3 (31... Rb1 32. Rxb1
Nxb1 33. Qc8+ Kg7 34. Qxc4) 32. Qc8+ Kg7 33. Be5+) 31. Bxb8 Qxe4 (31... Nxe1
32. Qc8+ Kg7 33. Qxc4 Qf2 34. Qd4+) 32. gxf3 (32. Rc1) 32... Qxf3+ 33. Kg1 Qe3+
(33... Ne3 34. Nf4) 34. Kg2 Qe4+ 35. Kh3 (35. Kh3 Qf3+ 36. Ng3) 1-0

[Event "Dortmund "]
[Site "?"]
[Date "1995.??.??"]
[Round "?"]
[White "Kramnyik, V."]
[Black "Short, N."]
[Result "1-0"]
[WhiteElo "2730"]
[BlackElo "2645"]
[PlyCount "49"]
[EventDate "1995.??.??"]

1. Nf3 d5 2. d4 Nf6 3. c4 e6 4. Nc3 Be7 5. Qc2 O-O 6. Bg5 h6 7. Bxf6 Bxf6 8.
Rd1 g6 $146 (8... c5) (8... Nc6) 9. e3 c6 10. Bd3 (10. h4 $5) 10... dxc4 (10...
Nd7 11. O-O a6 $14) 11. Bxc4 $14 Nd7 12. h4 $5 (12. O-O $14 Bg7 13. e4 $5 (13.
b4) 13... Qe7 14. e5 c5) 12... Bg7 13. a3 Qe7 14. Ba2 b6 15. Bb1 (15. h5 g5 16.
Bb1 f5 $132 17. O-O $140 g4) 15... h5 $8 {Nehéz ilyen lépést megtenni, hiszen
támaszpontot ad a huszárnak g5-ön.} (15... Nf6 $2 16. h5 g5 17. e4) 16. O-O Bb7
17. Ng5 Rfd8 (17... c5 $6 18. d5 exd5 (18... Bxc3 $2 19. dxe6) 19. Nxd5 Bxd5
20. Rxd5 Nf6 21. Ba2 $1 (21. Rd2 Nh7 $14) 21... Nxd5 22. Bxd5 Qf6 (22... Rad8
23. Qxg6) (22... Qd6 23. Rd1) 23. Nxf7 $16) 18. Ba2 $1 {Kramnyik remekül
megérzi a sötét állás gyengeségét.} Nf6 (18... Nf8 $6 19. Nce4 $1 Rac8 20. b4
$16) 19. e4 Ng4 $1 (19... c5 20. d5 $36 exd5 21. Rfe1 $5) (19... Nh7 20. Nf3 c5
21. d5 Bxc3 22. bxc3 exd5 23. exd5 $14) 20. e5 (20. Nf3 $6 $13) 20... Rd7 $2 (
20... Nh6 21. Bxe6 $1 fxe6 22. Qxg6 c5 $8 23. dxc5 $1 $16 bxc5 $140 24. Nxe6
Re8 $2 25. Nxg7 Qxg7 26. Qxg7+ Kxg7 27. Rd7+ $18) ({Ideje lett volna aktívan
játszani} 20... c5 $1 21. Bxe6 $1 (21. d5 exd5 $8 22. e6 $5 f6 $8 (22... Qd6
23. g3 d4 24. Nxf7 Qc6 25. Qe4 Qxe4 26. Nxe4 $18) (22... f5 23. Nxd5 $16) 23.
Nxd5 Bxd5 24. Bxd5 fxg5 25. Bxa8 (25. Qxg6 $5 Rab8 26. hxg5 $44) 25... Rxa8 26.
Qxg6 $13 {változatban bonyolult állás jött volna létre, dinamikus egyensúly!})
21... fxe6 22. Qxg6 cxd4 23. Ne2 Nxe5 24. Qh7+ Kf8 25. Nf4 Bd5 26. Rfe1) 21.
Ne2 $1 (21. Bxe6 $5 fxe6 22. Qxg6) 21... Rad8 {A sötét király sebezhetõségét
jól szemlélteti egy-két látványos változat.} (21... Bh6 22. Bxe6 $1 fxe6 (22...
Bxg5 23. Bxd7 Bxh4 24. Bxg4) 23. Qxg6+ Kh8 (23... Qg7 24. Qxh5 Bxg5 25. hxg5
$18) 24. Qxh5 $18) (21... Nh6 22. Bxe6 fxe6 23. Qxg6 $18) (21... Ba6 22. Nf4 $1
(22. Bxe6 fxe6 23. Nf4) (22. Qxc6 Rad8) 22... Bxf1 23. Nxg6 $1 fxg6 (23... Qe8
24. Nf4 $18) 24. Bxe6+ Kh8 (24... Qxe6 25. Nxe6 $18) (24... Kf8 25. Qxg6 $18)
25. Qxg6 $18) 22. Bxe6 $1 fxe6 23. Qxg6 Nxe5 24. Qh7+ Kf8 25. Nf4 (25. Nf4 Rd6
(25... Bf6 26. Nfxe6+ Ke8 27. Qg8+) 26. dxe5) 1-0

[Event "Belgrád"]
[Site "?"]
[Date "1995.??.??"]
[Round "?"]
[White "Topalov, V."]
[Black "Kramnyik, V."]
[Result "0-1"]
[WhiteElo "2640"]
[BlackElo "2730"]
[PlyCount "80"]
[EventDate "1995.??.??"]

1. e4 c5 2. Nf3 Nc6 3. d4 cxd4 4. Nxd4 Nf6 5. Nc3 d6 6. Bc4 Qb6 7. Ndb5 a6 8.
Be3 Qa5 9. Nd4 Ne5 10. Bd3 Neg4 $5 $146 {Sötét azonnal a komplikációkat keresi.
} 11. Bc1 (11. Bd2 $2 Qb6) 11... g6 (11... Qb6 12. O-O $1) 12. Nb3 (12. f4 e5
13. Nb3 Qb6 14. Qe2 exf4 15. Bxf4 Bg7 $13) (12. h3 Ne5 13. O-O Bg7 14. Be3 O-O
$11) 12... Qb6 (12... Qc7 $6 13. f4 $1) 13. Qe2 Bg7 $1 (13... Ne5 14. Be3 Qd8
15. f4 Nxd3+ 16. cxd3 Bg7 17. O-O O-O $14) 14. f4 Nh5 $8 15. Nd5 (15. Qf3 $2
Nxh2 $1) (15. Bd2 $5 Bxc3 16. bxc3 O-O $13) (15. h3 Ng3) 15... Qd8 16. Bd2 (16.
O-O O-O $13) 16... e6 $8 (16... b6 $2 17. O-O-O $16) 17. Ba5 (17. Qxg4 $6 exd5
$15) 17... Qh4+ 18. g3 Nxg3 $1 19. Nc7+ (19. hxg3 $5 Qxg3+ 20. Kd2 exd5 21.
Raf1 $1 (21. exd5+ Kd7 $1 22. Raf1 Re8 23. Bb5+ axb5 24. Qxb5+ Ke7 25. Re1+ Ne5
$17) 21... Nf6 22. exd5+ Kf8 $13 23. Bb4 Bg4 24. Bxd6+ Kg8 {mindkét fél épp
elég gonddal küzdhet meg.}) 19... Ke7 20. hxg3 Qxg3+ 21. Kd1 Nf2+ 22. Kd2 (22.
Kc1 Nxh1 23. Nxa8 Qxf4+ (23... Nf2 $5) 24. Bd2 Qe5 (24... Qf2 $5) 25. Bc3 Qg5+
26. Bd2 Qg1+ 27. Qe1 Qxe1+ 28. Bxe1 h5 29. Nb6 g5 $13 {Sötétnek három gyalogja
van a tisztért, esélyei jobbak.}) 22... Nxh1 23. Nxa8 $6 {Túlzott önbizalom,
ideje lett volna remizni} (23. Rxh1 Qxf4+ (23... Rb8 $5 24. Rf1 $13) 24. Kd1
Rb8 25. Bd2 Qg3 $8 26. Be1 Qf4 $8 27. Bd2 $1 $11) 23... Qxf4+ 24. Qe3 $8 Qh2+ (
24... Bh6 $5 25. Qxf4 Bxf4+ 26. Ke2 Ng3+ $15) 25. Qe2 Qf4+ 26. Qe3 Qh2+ 27. Qe2
Bh6+ $5 {Az idõzavar ellenére Kramnyik a folytatás mellett döntött az örökös
sakk helyett.} 28. Kc3 $1 (28. Kd1 $2 Qg1+ 29. Qe1 (29. Be1 $2 e5) 29... Qg4+
$1 30. Be2 (30. Qe2 e5 $1 31. Qxg4 (31. Nb6 $2 Qg1+) 31... Bxg4+ 32. Be2 Rxa8
33. Bxg4 Nf2+ 34. Ke2 Nxg4 $19) 30... Qxe4 31. Nb6 Be3 $5 $17) 28... Qe5+ $5 (
28... Qxe2 29. Bxe2 Ng3 $15) 29. Kb4 Ng3 30. Qe1 {Kivédi a Fh6-e3-c5 manõvert.}
Bg7 $1 (30... Qxb2 31. Rb1 (31. Bb6 $2 Bd7 32. Bd4 a5+ $1) (31. Nb6 $5 Bf4)
31... Qe5 32. Nb6 $36) 31. Nb6 {Szépen vesztett} (31. Bb6 $2 Qxb2 32. Qxg3 (32.
Rb1 Qxa2 33. Qxg3 Bd7) 32... Bc3+ 33. Kc4 Bd7 $1 34. Nc7 Bd2 $3 $19 35. Nxd2
$140 Bb5+ 36. Nxb5 axb5#) ({Számításba jött} 31. Rb1 $1 Bd7 32. Ka3 $5 (32. Nb6
Bc6 33. Ka3 Nxe4 34. Nc4 Qb5 35. Nb6 Qf5 $5 (35... Qe5 $11)) 32... Nxe4 33. Nb6
Bc6) 31... d5 $1 32. Ka4 $2 {A döntõ hiba.} (32. exd5 $1 Qd6+ 33. Kc4 $8 (33.
Ka4 Bd7+ 34. Nxd7 b5+ 35. Bxb5 axb5+ 36. Kxb5 Qxd7+ $19) (33. Nc5 Bd4 $19)
33... Qf4+ 34. Kc5 Bd7 $5 (34... Qd6+ $11) (34... Be5 35. Nc4 $1 Bd6+ 36. Kb6
Bc7+ 37. Kc5 (37. Ka7 $5 Bb8+ 38. Ka8 $13)) 35. a4 $8 (35. Nc4 Rc8+ 36. Kb4 b5
37. Bc7 Rxc7 38. d6+ Kf8 39. dxc7 bxc4 40. c8=Q+ (40. Bxc4 Qd6+ 41. Ka5 Qxc7+
$19) 40... Bxc8 41. Bxc4 Qd6+ 42. Ka5 Qc7+ 43. Kb4 Qb6+ 44. Ka3 Qd6+ 45. Qb4 (
45. Ka4 Bd7+ 46. Ka5 Bf6 $19) 45... Bxb2+ $19) 35... Bxb2 (35... Nh5 $5 36. Qc1
$1) 36. Rb1 $5 $13 (36. Ra2 Be5 37. Nxd7 Kxd7 38. dxe6+ fxe6) 36... Be5 $19)
32... Bd7+ 33. Nxd7 b5+ $1 34. Kb4 Kxd7 35. Bb6 $8 {Nem menti világost} (35.
Nc5+ {sem} Kc6 36. exd5+ Qxd5 37. Be4 (37. Qxg3 Qd4+ $19) 37... Nxe4 38. Qxe4
Bf8 39. Qxd5+ exd5 $19) 35... Qxb2 $2 {Az idõzavar miatt kimaradt a gyors
nyerés} (35... Nxe4 $1 36. Bxe4 Qxb2 $3 37. c4 (37. Bxd5 exd5 38. Rb1 (38. a4
Rc8 39. Bc5 Bc3+ 40. Qxc3 a5+ $19) 38... Rc8 $3 $19 39. Bc5 $140 Bc3+ $1 40.
Qxc3 a5+) (37. Rb1 Rc8 $3 38. Bc5 Bc3+ $1 39. Qxc3 a5+) 37... bxc4 $1 (37...
Rc8 38. c5 dxe4) 38. Rb1 Bf8+ 39. Bc5 Bxc5+ 40. Kxc5 Rc8+ 41. Kb6 (41. Kb4 Rb8+
42. Kc5 Rb5#) 41... Qa3 $19) 36. exd5 (36. Bxb5+ $5 axb5 37. Qxg3 Rc8 38. Rf1
$1 Ke8 39. Qf3 $1 f5 40. exf5 Qxa2 41. Kxb5 Rc3 42. Qf2 Rxc2 43. Qe3 Re2 $19
44. Qg3 Be5 45. f6 Kf7 46. Qd3 Rb2 47. Rf3 h5) (36. Qxg3 $2 Bc3+ 37. Kc5 Qa3#)
36... Rc8 37. dxe6+ Ke8 $1 (37... fxe6 38. Bxb5+ $1 Ke7 (38... axb5 39. Rd1+
Ke7 40. Qxg3 $16) 39. Bc5+ $1 (39. Qxg3 $2 Qc3+ 40. Qxc3 Bxc3+ 41. Ka4 (41. Ka3
axb5) 41... axb5+ 42. Kxb5 Bxa1 43. Nxa1 h5) 39... Rxc5 40. Kxc5 Qa3+ 41. Kb6
$16) 38. Bc5 $4 {Az utolsó, a végzetes hiba.} (38. c4 $2 Ne4 $3 39. Rc1 (39.
Qxe4 Bc3#) (39. Bxe4 Rxc4+ 40. Ka5 Ra4#) 39... Qxa2 40. Ra1 $8 Qb2 $5 (40...
Bxa1 41. Qxa1 Qxa1 42. exf7+ Kxf7 43. Nxa1 Nf6 44. c5 h5 $17) (40... Bc3+ 41.
Qxc3 Nxc3 $19) 41. exf7+ (41. Rc1 Bf8+ $19) 41... Kxf7 42. Rc1 Bf8+ 43. c5 a5+
44. Bxa5 Bxc5+ (44... Rxc5 $5) 45. Rxc5 Nxc5 $19) (38. Bxb5+ $1 axb5 39. exf7+
(39. Qxg3 Qc3+ 40. Qxc3 Bxc3+ 41. Kxb5 Bxa1 42. Nxa1 h5) 39... Kxf7 40. Qxg3
Qc3+ $1 41. Qxc3 Bxc3+ 42. Kxb5 Bxa1 43. Nxa1 h5 {folytatásban igen tanulságos
végjáték alakult volna ki} 44. Nb3 $8 (44. a4 h4 45. a5 h3 46. Bg1 Rb8+ 47. Kc6
Rb1 $19) (44. c4 h4 45. Nc2 h3 46. Bg1 Rb8+ $19) 44... h4 (44... Rxc2 45. a4
Rb2 (45... h4 46. Nd4 (46. Nc5 h3 47. Bc7 h2 48. Bxh2 Rxh2 49. a5 $11) 46...
Rb2+ (46... Rc3 $5) (46... h3 47. Nf3 h2 48. Nxh2 Rxh2 49. a5 $11) 47. Kc6 h3
48. Nf3 h2 49. Nxh2 Rxh2 50. a5 $11) 46. Kb4 $1 (46. Kc4 $2 h4 47. a5 h3 48.
Bc7 Rc2+) 46... h4 47. a5 h3 48. Bc7 h2 49. Bxh2 Rxh2 50. a6 g5 51. a7 Rh8 52.
Kc5 $11) 45. Nd4 g5 $5 (45... h3 46. Nf3 $11) 46. Nf3 Kg6 $15 47. Be3 $140 $2
Rc3 48. Bxg5 h3 $19) 38... Bc3+ $1 39. Qxc3 a5+ 40. Kxb5 Qxc3 {Ezt a játszmát
választották a totna legszebb partijává!} (40... Qxc3 41. exf7+ Kxf7 42. Bc4+
Ke8) 0-1

[Event "Dos Hermanas "]
[Site "?"]
[Date "1996.??.??"]
[Round "?"]
[White "Ivancsuk, V."]
[Black "Kramnyik, V."]
[Result "0-1"]
[WhiteElo "2735"]
[BlackElo "2775"]
[PlyCount "64"]
[EventDate "1996.??.??"]

1. e4 c5 2. Nf3 Nc6 3. d4 cxd4 4. Nxd4 Nf6 5. Nc3 d6 6. Bg5 e6 7. Qd2 a6 8.
O-O-O h6 9. Be3 Be7 10. f4 Nxd4 11. Bxd4 b5 12. Qe3 Qc7 13. e5 dxe5 14. Bxe5
Ng4 $1 $146 15. Qf3 Nxe5 16. Qxa8 Nd7 $5 (16... Nc6 $2 17. Nxb5 $1) 17. g3 $2 (
17. Qf3 Bb7 18. Qe3 Bd6 19. Ne2 O-O {és sötétnek bõséges kompenzációja van a
minõségért.}) 17... Nb6 18. Qf3 Bb7 19. Ne4 (19. Bxb5+ axb5 20. Nxb5 Bxf3 21.
Nxc7+ Kf8) 19... f5 $1 $17 (19... O-O 20. Bg2 Rc8 21. Qe2 Na4 $40) 20. Qh5+ (
20. Bd3 O-O $17) 20... Kf8 21. Nf2 (21. Ng5 $2 Bxg5 22. fxg5 Bxh1 $19) 21...
Bf6 $1 {Kramnyik kevesellte a minõség visszanyerését.} (21... Bxh1 22. Nxh1 Bf6
23. Re1 $5 (23. Nf2 Na4 24. Nd3 Ke7 25. Re1 Rc8 26. Qe2 Kf8 $15)) 22. Bd3 (22.
Rg1 Na4 23. Nd3 Be4 24. Qe2 Nxb2 25. Nxb2 Qc3 $40) (22. Qe2 $5) 22... Na4 23.
Rhe1 $132 Bxb2+ 24. Kb1 (24. Kd2 Bc3+ $5 25. Ke2 Bxe1 26. Rxe1 Qf7 $19) 24...
Bd5 $1 25. Bxb5 $8 (25. Bxf5 $2 Bxa2+ $1 26. Kxa2 Qc4+ 27. Kb1 Nc3+ 28. Kxb2
Qb4+ 29. Kc1 (29. Ka1 Qa3#) 29... Na2#) (25. c4 bxc4 26. Bxf5 Qb6 $19) 25...
Bxa2+ (25... axb5 $2 26. Rxd5) 26. Kxa2 axb5 27. Kb1 $8 (27. Rxe6 $2 Qc4+ 28.
Kb1 Nc3+ 29. Kxb2 Qb4+) (27. Nd3 Qxc2) 27... Qa5 $6 {Sokkal jobb volt} (27...
Qe7 $1 28. Rd3 (28. Rd8+ Qxd8 29. Rxe6 Bf6 $19) 28... Qb4 $1 29. Rd8+ Ke7 30.
Re8+ (30. Rd7+ Kxd7 31. Qf7+ Kc8 32. Qxe6+ Kb8 $19) 30... Rxe8 31. Rxe6+ Kxe6
32. Qxe8+ Kf6 33. Qd8+ Kg6 $19) 28. Nd3 $2 (28. Rxe6 Nc3+ 29. Kxb2 Qb4+ $19) (
28. Rd7 Qxe1+ 29. Nd1 Kg8 $1 30. Qg6 Bf6 $19) ({Világos megkavarhatta volna a
játszmát} 28. c3 $1 Nxc3+ $5 (28... Bxc3 29. Rd7 $1 (29. Rxe6 Qb4+ 30. Kc2 Qb2+
31. Kd3 Nc5+ 32. Ke3 Nxe6 33. Qxf5+ Ke7 $19) 29... Qb4+ 30. Kc2 Qb2+ 31. Kd1
Qb1+ (31... Kg8 $2 32. Qf7+ Kh7 33. Rxe6) 32. Ke2 Qxe1+ 33. Kf3 Kg8 34. Rd1 $1
$11) 29. Kxb2 Na4+ 30. Ka2 $8 Qb4 $1 (30... Nc5+ 31. Kb1 Qb4+ 32. Kc2) 31. Rd8+
Ke7 32. Rd7+ (32. Rxe6+ Kxd8 33. Qd1+ Kc7 $19) (32. Qh4+ g5) (32. Re8+ Rxe8 33.
Rxe6+ Kxe6 34. Qxe8+ Qe7 $5 $17) 32... Kxd7 33. Qf7+ Kc8 34. Qxe6+ Kb8 35. Qe5+
Ka8 36. Qd5+ Ka7 37. Qd7+ Kb8 38. Re8+ Rxe8 39. Qxe8+ Kc7 40. Qe5+ (40. Qf7+
Kb6 $19) 40... Qd6 (40... Kc6 $5) 41. Qxg7+ Kb6 $17 {Nem lett volna könnyû
idõzavarban mindezt megtalálni.}) 28... Ba3 $1 $19 29. Ka2 Nc3+ 30. Kb3 Nd5 31.
Ka2 (31. Rxe6 Qa4+ 32. Ka2 Nc3+ 33. Ka1 Bc1#) 31... Bb4+ 32. Kb1 Bc3 (32... Bc3
33. Nb2 Qa3) 0-1